A to Z English / (Record no. 2102)

MARC details
000 -LEADER
fixed length control field 00525nam a22002057a 4500
001 - CONTROL NUMBER
control field BD-DhSAU 2102
003 - CONTROL NUMBER IDENTIFIER
control field BD-DhSAU
005 - DATE AND TIME OF LATEST TRANSACTION
control field 20150126123430.0
008 - FIXED-LENGTH DATA ELEMENTS--GENERAL INFORMATION
fixed length control field 150126s2006 ii |||| ||| 001 0 eng d
020 ## - INTERNATIONAL STANDARD BOOK NUMBER
International Standard Book Number 8180520919
040 ## - CATALOGING SOURCE
Original cataloging agency BD-DhSAU
082 ## - DEWEY DECIMAL CLASSIFICATION NUMBER
Edition number 22
Classification number 420
Item number TAA
100 ## - MAIN ENTRY--PERSONAL NAME
Personal name Tandon, B. G.
245 ## - TITLE STATEMENT
Title A to Z English /
Statement of responsibility, etc. by B. G. Tandon.
260 ## - PUBLICATION, DISTRIBUTION, ETC. (IMPRINT)
Place of publication, distribution, etc. New Delhi :
Name of publisher, distributor, etc. Ane Books,
Date of publication, distribution, etc. c2006.
300 ## - PHYSICAL DESCRIPTION
Extent xi, 154 p. ;
Dimensions 21 cm.
504 ## - BIBLIOGRAPHY, ETC. NOTE
Bibliography, etc Includes index.
590 ## - Name of Cataloguer
Name of Cataloger Mukta
650 ## - SUBJECT ADDED ENTRY--TOPICAL TERM
Topical term or geographic name as entry element English Language
Form subdivision Grammer
942 ## - ADDED ENTRY ELEMENTS (KOHA)
Source of classification or shelving scheme Dewey Decimal Classification
Koha item type Book
Holdings
Withdrawn status Lost status Source of classification or shelving scheme Damaged status Not for loan Collection code Home library Branch Name Shelving location Date acquired Total Checkouts Full call number Barcode Date last seen Date checked out Price effective from Koha item type
    Dewey Decimal Classification     Non-fiction SAU Library SAU Library General Stacks 03/11/2007 9 420 TAA 33357 03/12/2024 18/11/2024 26/01/2015 Book
    Dewey Decimal Classification     Non-fiction SAU Library SAU Library General Stacks 03/11/2007 5 420 TAA 33354 20/01/2025 13/02/2023 26/01/2015 Book
    Dewey Decimal Classification       SAU Library SAU Library General Stacks 03/11/2007 1 420 TAA 33355 21/04/2019 27/03/2019 18/06/2015 Book
    Dewey Decimal Classification   Not For Loan Reference SAU Library SAU Library Reference 03/11/2007   420 TAA 33353 03/07/2015   03/07/2015 Book